Представление документа в формате RUSMARC

ПолеНазваниеЗначение
  Тип записи a
  Библиографический уровень m
001 Контрольный номер RU/IS/BASE/709404134
005 Дата корректировки 20250923154640.4
010 Индекс ISBN __
a ISBN 978-5-6047566-0-7
b Уточнения в пер.
9 Тираж 200 экз.
100 Данные общей обработки __
a Данные общей обработки 20220624d2022 ||| 0rusy0189 ca
101 Язык документа 0_
a Язык текста rus
102 Страна публикации __
a Страна публикации RU
105 Кодированные данные (монография) __
a Кодированные данные (монография) y###||||000|y
181 Поле кодированных данных: вид содержания _0
a Код вида содержания (ISBD) i#
b Код характеристики содержания (ISBD) #xxe##
d i
e #
f #
g x
h x
i e
182 Поле кодированных данных: тип средства _0
a Код типа средства (ISBD) n
200 Заглавие и сведения об ответственности 1_
a Заглавие О чём молчит лес
f Первые сведения об ответственности Татьяна Филатова
w Текст (визуальный) : непосредственный
203 Вид содержания и тип средства __
a Вид содержания Текст
b Характеристика содержания визуальный
c Тип средства непосредственный
210 Выходные данные 1_
a Место издания Москва
c Издательство Формаслов
d Дата издания 2022
215 Физическое описание __
a Объем 132, [5] с.
c Иллюстрации/тип воспроизводства ил.
d Формат 24 см.
300 Общие примечания __
a Общие примечания Содерж.: Неведомая ; Лесной царь ; Оборот
300 Общие примечания __
a Общие примечания 16+
300 Общие примечания __
a Общие примечания С автографом автора
517 Другие варианты заглавия 1_
a Другие варианты заглавия О чем молчит лес
606 Тематические рубрики 1_
a Основная рубрика Русская детская литература, 21 в.
610 Ключевые слова 1_
a Ключевые слова волшебные миры (х. л.)
a Ключевые слова духи (х. л.)
a Ключевые слова мифология
a Ключевые слова сказочный мир (х. л.)
a Ключевые слова славянская мифология
a Ключевые слова славянское фэнтези
686 Индексы других классификаций __
a Классификационный индекс Р2
2 Код системы rubbk
700 Автор _1
a Фамилия Филатова
b Имя (инициалы) Татьяна Олеговна
g Полное личное имя Т. О.
801 Источник записи _0
a Страна RU
b Организация Ульяновская ОБДЮ
c Дата составления 20220624
g Правила каталогизации RCR
801 Источник записи _1
a Страна RU
b Организация Ульяновская ОБДЮ
c Дата составления 20220624
g Правила каталогизации RCR
852 Данные о местонахождении __
a Наименование организации Ульяновская ОБДЮ
i Авторский знак Ф 51
j Шифр хранения Р2
900 Электронные ресурсы __
a Имя электронного ресурса 583625
900 Электронные ресурсы __
a Имя электронного ресурса 583625а
901 Тип документа __
t Тип документа m
902 Оглавление книги __
a Оглавление книги, выполненное каталогизатором Неведомая
a Оглавление книги, выполненное каталогизатором Оборот
a Оглавление книги, выполненное каталогизатором Лесной царь
909 Создатель записи __
a Создатель записи Башарина М.А.
910 Корректоры записи __
a Корректор записи Лушникова С.А.
919 __
f Филатова Т. О.
g 202209
a Лушникова С.А.
c Башарина М.А.
927 Коллекции Аксаковки __
a Коллекции Аксаковки Книги с автографами
938 Служебная информация __
a Имя БД MarkBase